Statistics for All Qatar World Cup Teams

Click here to take the quiz!

General Stats

  • This quiz has been taken 187 times
  • The average score is 29 of 37

Answer Stats

HintAnswer% Correct
Group CArgentina
97%
Group DFrance
95%
Group GBrazil
93%
Group AQatar
93%
Group BEngland
92%
Group HPortugal
92%
Group ESpain
92%
Group BUSA
92%
Group EGermany
90%
Group CMexico
89%
Group ASenegal
88%
Group EJapan
86%
Euro PlayoffWales
86%
Group ANetherlands
85%
IC PlayoffAustralia
84%
Group CPoland
84%
Group BIran
83%
Group FBelgium
82%
Group FCanada
82%
Group CSaudi Arabia
82%
Group AEcuador
81%
Group HUruguay
81%
Group HSouth Korea
80%
Group FCroatia
79%
Group DDenmark
77%
Group HGhana
74%
Group FMorocco
73%
Group GSwitzerland
72%
Group GSerbia
70%
Group GCameroon
68%
IC PlayoffCosta Rica
68%
Group DTunisia
65%
Euro PlayoffUkraine
60%
IC PlayoffPeru
53%
IC PlayoffNew Zealand
50%
Euro PlayoffScotland
48%
IC PlayoffUAE
32%

Score Distribution

Percentile by Number Answered

Percent of People with Each Score

Your Score History

You have not taken this quiz